000
00206nam a2200109Ia 4500
100
_a
#N/A
942
_c
BK
654
_a
digital designer
245
_a
Digital Designer
260
_b
#N/A
546
_a
ENGLISH
999
_c
19131
_d
19131